000 00353nam a22001217a 4500
082 _a346.5491072
_bMUL
100 _aMulla, Sir Dinshah Fardunji
245 _aThe Sale of Goods Act (III of 1930) /
_cSir Dinshah Fardunji Mulla
260 _aLahore :
_bMansoor Book House,
_cN.A.
300 _a112 p. ;
_c24 cm.
563 _aHB.
942 _2ddc
_cBK
999 _c616019
_d616019